{"text_format":"3","workbook":"xlsx","n_sheets":1,"sheets":["Worksheet"],"read":"whole","date_system":"1900"}

{"sheet":"Worksheet","index":0,"n_rows":36,"n_cols":17,"rows_kept":36}
["№","Код участника","Название ОУ","Фамилия","Имя","Отчество","Пол","Участник с ОВЗ","Класс","Класс участия","Балл","Макс. балл","Статус","Призер МЭ прошлого года","Учитель","Место работы учителя","Предмет"]
[760358,"471001_16935323692_34","МБОУ \"Болгарская СОШ №1 с углубленным изучением отдельных предметов\" Спасского муниципального района РТ","Сагирова","Зарина","Ильнуровна","ж","нет",7,7,67,100,"призер",null,"Бырин Станислав Павлович","МБОУ \"Болгарская СОШ №1 с углубленным изучением отдельных предметов\" Спасского муниципального района Республики Татарстан","Физическая культура"]
[745300,"472011_17458957632_34","МБОУ \"Кимовская СОШ\" Спасского муниципального района РТ","Мифтахов","Василь","Наильевич","м","нет",7,7,64,100,"победитель",null,"Колесов Андрей Иванович","МБОУ \"Кимовская СОШ\" Спасского муниципального района РТ","Физическая культура"]
[751420,"472014_17049030648_34","МБОУ \"Трехозерская СОШ\" Спасского муниципального района РТ","Гришин","Арсений","Сергеевич","м","нет",7,7,61,100,"призер",null,"Бердников Валерий Владимирович","МБОУ \"Трехозерская СОШ\" Спасского МР РТ","Физическая культура"]
[711519,"471002_16755476311_34","МБОУ \"Болгарская СОШ №2\" Спасского муниципального района РТ","Гафарова","Алиса","Камилевна","ж","нет",8,8,66,100,"победитель",null,"Павликов Павел Николаевич","МБОУ \"Болгарская СОШ №2\" Спасского муниципального района РТ","Физическая культура"]
[711520,"471002_16352589180_34","МБОУ \"Болгарская СОШ №2\" Спасского муниципального района РТ","Ходжиева","Камила","Марсельевна","ж","нет",8,8,50,100,"призер",null,"Павликов Павел Николаевич","МБОУ \"Болгарская СОШ №2\" Спасского муниципального района РТ","Физическая культура"]
[710392,"472007_16994616536_34","МБОУ \"Антоновская СОШ\" Спасского муниципального района РТ (Филиал МБОУ \"Антоновская СОШ\" в с. Иж-Борискино)","Галиуллина","Александра","Линаровна","ж","нет",8,8,62,100,"призер",null,"Шамсутдинов Фаиль Имамутдинович","Муниципальное бюджетное общеобразовательное учреждение \"Антоновская средняя общеобразовательная школа Спасского муниципального района Республики Татарстан\"","Физическая культура"]
[710393,"472007_16362713363_34","МБОУ \"Антоновская СОШ\" Спасского муниципального района РТ (Филиал МБОУ \"Антоновская СОШ\" в с. Иж-Борискино)","Казаков","Владимир","Игоревич","м","нет",8,8,73,100,"победитель","Да","Шамсутдинов Фаиль Имамутдинович","Муниципальное бюджетное общеобразовательное учреждение \"Антоновская средняя общеобразовательная школа Спасского муниципального района Республики Татарстан\"","Физическая культура"]
[710394,"472007_16428757699_34","МБОУ \"Антоновская СОШ\" Спасского муниципального района РТ (Филиал МБОУ \"Антоновская СОШ\" в с. Иж-Борискино)","Коровушкина","Олеся","Сергеевна","ж","нет",8,8,64,100,"победитель","Да","Шамсутдинов Фаиль Имамутдинович","Муниципальное бюджетное общеобразовательное учреждение \"Антоновская средняя общеобразовательная школа Спасского муниципального района Республики Татарстан","Физическая культура"]
[710395,"472007_16894798359_34","МБОУ \"Антоновская СОШ\" Спасского муниципального района РТ (Филиал МБОУ \"Антоновская СОШ\" в с. Иж-Борискино)","Прокофьева","Нина","Владимировна","ж","нет",8,8,51,100,"призер",null,"Шамсутдинов Фаиль Имамутдинович","Муниципальное бюджетное общеобразовательное учреждение \"Антоновская средняя общеобразовательная школа Спасского муниципального района Республики Татарстан\"","Физическая культура"]
[678748,"472017_16301593641_34","ГБООУ \"Болгарская санаторная школа-интернат\"","Аринина","Анна","Юрьевна","ж","нет",8,8,50,100,"призер",null,"Балакирев В.Д.","ГБООУ \"Болгарская санаторная школа-интернат\"","Физическая культура"]
[711825,"474015_16729213988_34","МБОУ \"Иске Рязяпская СОШ\" Спасского муниципального района РТ","Минсафина","Руфина","Асхатовна","ж","нет",8,8,60,100,"победитель","Да","Шафигуллин Равил Асхадуллович","МБОУ \" Иске Рязяпская СОШ\" Спасского муниципального района РТ","Физическая культура"]
[711826,"474015_16748432300_34","МБОУ \"Иске Рязяпская СОШ\" Спасского муниципального района РТ","Минсабиров","Алмаз","Ильгизович","м","нет",8,8,59,100,"победитель",null,"Шафигуллин Равил Асхадуллович","МБОУ \" Иске Рязяпская СОШ\" Спасского муниципального района РТ","Физическая культура"]
[760357,"471001_15843060667_34","МБОУ \"Болгарская СОШ №1 с углубленным изучением отдельных предметов\" Спасского муниципального района РТ","Граненков","Александр","Владимирович","м","нет",9,9,68,100,"призер",null,"Кузовкин Максим Николаевич","МБОУ \"Болгарская СОШ №1 с углубленным изучением отдельных предметов\" Спасского муниципального района Республики Татарстан","Физическая культура"]
[710396,"472007_15950297292_34","МБОУ \"Антоновская СОШ\" Спасского муниципального района РТ (Филиал МБОУ \"Антоновская СОШ\" в с. Иж-Борискино)","Фролова","Майя","Владимировна","ж","нет",9,9,75,100,"победитель","Да","Шамсутдинов Фаиль Имамутдинович","Муниципальное бюджетное общеобразовательное учреждение \"Антоновская средняя общеобразовательная школа Спасского муниципального района Республики Татарстан\"","Физическая культура"]
[764229,"472008_16152741651_34","МБОУ \"Бураковская СОШ\" Спасского муниципального района РТ\" (Филиал МБОУ \"Бураковская СОШ\" в с. Каюки)","Габдулбаров","Рушан","Рамилевич","м","нет",9,9,51,100,"призер",null,"Садрутдинова Розалия Салиховна","Филиал МБОУ \"Бураковская СОШ Спасского муниципального района РТ в селе Каюки\"","Физическая культура"]
[778950,"472012_15857830716_34","МБОУ \"Никольская СОШ\" Спасского муниципального района РТ ( Филиал МБОУ \"Никольская СОШ\" в с. Ямбухтино)","Борисов","Денис","Александрович","м","нет",9,9,60,100,"победитель","Да","Иванов С.В","МБОУ \"Никольская СОШ\"","Физическая культура"]
[778951,"472012_16239939096_34","МБОУ \"Никольская СОШ\" Спасского муниципального района РТ ( Филиал МБОУ \"Никольская СОШ\" в с. Ямбухтино)","Иванов","Данил","Сергеевич","м","нет",9,9,60,100,"победитель","Да","Иванов С.В","МБОУ \"Никольская СОШ\"","Физическая культура"]
[678749,"472017_16186403063_34","ГБООУ \"Болгарская санаторная школа-интернат\"","Алкина","Екатерина","Артуровна","ж","нет",9,9,49,100,"призер",null,"Балакирев В.Д.","ГБООУ \"Болгарская санаторная школа-интернат\"","Физическая культура"]
[678750,"472017_16310150810_34","ГБООУ \"Болгарская санаторная школа-интернат\"","Бурумов","Макар","Дмитриевич","м","нет",9,9,62,100,"победитель",null,"Балакирев В.Д.","ГБООУ \"Болгарская санаторная школа-интернат\"","Физическая культура"]
[678751,"472017_16124498357_34","ГБООУ \"Болгарская санаторная школа-интернат\"","Матюшенцев","Матвей","Сергеевич","м","нет",9,9,52,100,"призер",null,"Балакирев В.Д.","ГБООУ \"Болгарская санаторная школа-интернат\"","Физическая культура"]
[760354,"471001_15776950120_34","МБОУ \"Болгарская СОШ №1 с углубленным изучением отдельных предметов\" Спасского муниципального района РТ","Пиминов","Глеб","Олегович","м","нет",10,10,71,100,"призер","Да","Кузовкин Максим Николаевич","МБОУ \"Болгарская СОШ №1 с углубленным изучением отдельных предметов\" Спасского муниципального района Республики Татарстан","Физическая культура"]
[711524,"471002_15692504587_34","МБОУ \"Болгарская СОШ №2\" Спасского муниципального района РТ","Зверев","Максим","Александрович","м","нет",10,10,70,100,"призер",null,"Павликов Павел Николаевич","МБОУ \"Болгарская СОШ №2\" Спасского муниципального района РТ","Физическая культура"]
[711525,"471002_15635965703_34","МБОУ \"Болгарская СОШ №2\" Спасского муниципального района РТ","Хайруллина","Алиса","Айратовна","ж","нет",10,10,72,100,"победитель","Да","Павликов Павел НиколаевичПавликов Павел Николаевич","МБОУ \"Болгарская СОШ №2\" Спасского муниципального района РТ","Физическая культура"]
[757083,"471003_17459234799_34","ГБОУ \"Болгарская кадетская школа-интернат имени Карпова\"","Скопинцев","Константин","Алексеевич","м","нет",10,10,63,100,"победитель",null,"Постников Глеб Владимирович","ГБОУ Болгарская кадетская школа-интернат имени Карпова Павла Алексеевича","Физическая культура"]
[710397,"472007_15584451993_34","МБОУ \"Антоновская СОШ\" Спасского муниципального района РТ (Филиал МБОУ \"Антоновская СОШ\" в с. Иж-Борискино)","Стрижова","Надежда","Сергеевна","ж","нет",10,10,50,100,"призер","Да","Шамсутдинов Фаиль Имамутдинович","Муниципальное бюджетное общеобразовательное учреждение \"Антоновская средняя общеобразовательная школа Спасского муниципального района Республики Татарстан\"","Физическая культура"]
[710398,"472007_15644882296_34","МБОУ \"Антоновская СОШ\" Спасского муниципального района РТ (Филиал МБОУ \"Антоновская СОШ\" в с. Иж-Борискино)","Чекалин","Александр","Владимирович","м","нет",10,10,73,100,"победитель","Да","Шамсутдинов Фаиль Имамутдинович","Муниципальное бюджетное общеобразовательное учреждение \"Антоновская средняя общеобразовательная школа Спасского муниципального района Республики Татарстан\"","Физическая культура"]
[711828,"474015_15651380869_34","МБОУ \"Иске Рязяпская СОШ\" Спасского муниципального района РТ","Галиуллина","Азалия","Рамилевна","ж","нет",10,10,62,100,"победитель","Да","Шафигуллин Равил Асхадуллович","МБОУ \" Иске Рязяпская СОШ\" Спасского муниципального района РТ","Физическая культура"]
[711830,"474015_15634471875_34","МБОУ \"Иске Рязяпская СОШ\" Спасского муниципального района РТ","Зайнуллин","Айдар","Асхатович","м","нет",10,10,53,100,"призер",null,"Шафигуллин Равил Асхадуллович","МБОУ \" Иске Рязяпская СОШ\" Спасского муниципального района РТ","Физическая культура"]
[760355,"471001_14895354009_34","МБОУ \"Болгарская СОШ №1 с углубленным изучением отдельных предметов\" Спасского муниципального района РТ","Балакирев","Илья","Андреевич","м","нет",11,11,70,100,"призер",null,"Кузовкин Максим Николаевич","МБОУ \"Болгарская СОШ №1 с углубленным изучением отдельных предметов\" Спасского муниципального района Республики Татарстан","Физическая культура"]
[760356,"471001_15804334255_34","МБОУ \"Болгарская СОШ №1 с углубленным изучением отдельных предметов\" Спасского муниципального района РТ","Пелагеина","Елизавета","Сергеевна","ж","нет",11,11,89,100,"призер",null,"Кузовкин Максим Николаевич","МБОУ \"Болгарская СОШ №1 с углубленным изучением отдельных предметов\" Спасского муниципального района Республики Татарстан","Физическая культура"]
[757084,"471003_17961552713_34","ГБОУ \"Болгарская кадетская школа-интернат имени Карпова\"","Бахитова","Камила","Ильдаровна","ж","нет",11,11,70,100,"победитель",null,"Постников Глеб Владимирович","ГБОУ Болгарская кадетская школа-интернат имени Карпова Павла Алексеевича","Физическая культура"]
[711829,"474015_15368702784_34","МБОУ \"Иске Рязяпская СОШ\" Спасского муниципального района РТ","Гильфанов","Ильнар","Фидаилевич","м","нет",11,11,65,100,"победитель","Да","Шафигуллин Равил Асхадуллович","МБОУ \" Иске Рязяпская СОШ\" Спасского муниципального района РТ","Физическая культура"]
[null,null,"Полянская ","Плахова","Виктория",{"$nulls":3},8,8]
[null,null,"Антоновская","Елистратова","Елизавета",{"$nulls":3},8,8]
[null,null,"БСОШ №1","Сагирова","Зарина",{"$nulls":3},8,8]